Indian Polity :for Civil Services and Other State Examinations / (Record no. 26589)

000 -LEADER
fixed length control field 00522 a2200169 4500
008 - FIXED-LENGTH DATA ELEMENTS--GENERAL INFORMATION
fixed length control field 230620b ||||| |||| 00| 0 eng d
020 ## - INTERNATIONAL STANDARD BOOK NUMBER
International Standard Book Number 9789354600357
Terms of availability Rs.995.00
041 0# - LANGUAGE CODE
Language code of text/sound track or separate title eng
082 00 - DEWEY DECIMAL CLASSIFICATION NUMBER
Classification number 320.954076
Item number L4259
100 ## - MAIN ENTRY--PERSONAL NAME
Personal name Laxmikanth, M.
245 ## - TITLE STATEMENT
Title Indian Polity :for Civil Services and Other State Examinations /
250 ## - EDITION STATEMENT
Edition statement 6th rev ed.
260 ## - PUBLICATION, DISTRIBUTION, ETC. (IMPRINT)
Place of publication, distribution, etc New Delhi:
Name of publisher, distributor, etc McGraw Hill Education (India) pvt. ltd.,
Date of publication, distribution, etc 2023.
300 ## - PHYSICAL DESCRIPTION
Extent Ax.3 p. ;
Dimensions 24 cm
650 #0 - SUBJECT ADDED ENTRY--TOPICAL TERM
Topical term or geographic name as entry element Indian Polity
942 ## - ADDED ENTRY ELEMENTS (KOHA)
Source of classification or shelving scheme
Item type Books
Holdings
Withdrawn status Lost status Source of classification or shelving scheme Damaged status Not for loan Permanent location Current location Shelving location Date acquired Source of acquisition Cost, normal purchase price Total Checkouts Total Renewals Full call number Barcode Date last seen Date last borrowed Cost, replacement price Koha item type Checked out
          IMU Kolkata IMU Kolkata Reference 2023-06-20 4 663.36 1 1 320.954076 L4259 13957 2025-03-26 2025-02-24 995.00 Books  
          IMU Kolkata IMU Kolkata   2023-06-20 4 663.36 3   320.954076 L4259 13958 2026-06-08 2026-06-08 995.00 Books 2026-06-23
          IMU Kolkata IMU Kolkata   2023-06-20 4 663.36 1 1 320.954076 L4259 13959 2024-11-06 2024-09-30 995.00 Books  
          IMU Kolkata IMU Kolkata   2023-06-20 4 663.36 2   320.954076 L4259 13960 2025-01-17 2025-01-17 995.00 Books 2025-07-16
          IMU Kolkata IMU Kolkata   2023-06-20 4 663.36 6 1 320.954076 L4259 13961 2026-05-12 2026-03-20 995.00 Books  
Designed and Maintained by IMU-KC Library, Kolkata Campus © Copyright All Rights Reserved

webs counters

Powered by Koha